Pôsobivé fleurogami do bytu i do záhrady nápady z vode odolného papiera
| Main Author: | |
|---|---|
| Other Authors: | |
| Format: | Book |
| Language: | Slovak German |
| PhysicalDescription: | 31 s. ilustr. 21 cm |
| Published: |
Ostrava
Anagram
2013
|
| ISBN: | 9788073422622 |
| Edition: | [1.] slov. vyd. |
| Series: | Topp
Tvorte s nami |
| Subjects: |
MARC
| LEADER | 00000nam a2200000 a 4500 | ||
|---|---|---|---|
| 001 | vtls010531406 | ||
| 003 | SK-MaSNL | ||
| 005 | 20260301214712.0 | ||
| 008 | 240318s2013 xr a g 000 0 slo | ||
| 015 | |a SNBTSA2013-001424 | ||
| 020 | |a 9788073422622 |q (brož.) | ||
| 035 | |a 4DEDB6FC-A7C1-400D-AD33-6A5467A46D0A | ||
| 035 | |a urn:nbn:sk:snk-aml0qr | ||
| 035 | |a urn:nbn:sk:snk-am008nvo | ||
| 040 | |a SNK |b slo |c SNK |e AACR2 | ||
| 041 | 1 | |a slo |h ger | |
| 044 | |a xr |c CZ | ||
| 072 | 7 | |a 688 |x Dekoračné predmety. Hračky. Galantéria |2 konspekt | |
| 072 | 7 | |a 74 |x Kresba. Umelecké remeslá |2 konspekt | |
| 080 | |a 688.78/.79 |2 2001 | ||
| 080 | |a (035) |2 2001 | ||
| 080 | |a 581.46 |2 2001 | ||
| 080 | |a 745.54 |2 2001 | ||
| 100 | 1 | |a Täubner, Armin |4 aut |9 328631 | |
| 240 | 1 | 0 | |a Fleurogami. Blüten für drinnen und drau en |l Slovensky |
| 245 | 1 | 0 | |a Pôsobivé fleurogami do bytu i do záhrady |b nápady z vode odolného papiera |c [Armin Täubner ; z nemeckého originálu prel. Marianna Strapcová] |
| 246 | 3 | 0 | |a Nápady z vode odolného papiera |
| 250 | |a [1.] slov. vyd. | ||
| 260 | |a Ostrava |b Anagram |c 2013 | ||
| 300 | |a 31 s. |b ilustr. |c 21 cm | ||
| 490 | 1 | |a Topp ; |v SK3961 | |
| 490 | 1 | |a Tvorte s nami | |
| 500 | |a Názov z obalu | ||
| 650 | 0 | 7 | |a dekorácie |2 SNKPH |9 2892 |
| 650 | 0 | 7 | |a origami |2 SNKPHeng |9 3091 |
| 650 | 0 | 7 | |a kvety |2 SNKPH |9 29747 |
| 650 | 0 | 7 | |a Flowers |2 SNKPHeng |9 320392 |
| 650 | 0 | 7 | |a Decorations |2 SNKPHeng |9 333704 |
| 650 | 0 | 7 | |a origami |2 SNKPH |9 3091 |
| 655 | 7 | |a príručky |2 SNKPH |9 74364 | |
| 655 | 7 | |a Handbooks, manuals, etc. |2 SNKPHeng |9 90964 | |
| 700 | 1 | |a Strapcová, Marianna |4 trl |9 332636 | |
| 830 | 0 | |a Topp |9 301066 | |
| 830 | 0 | |a Tvorte s nami |9 332637 | |
| 919 | |a 978-80-7342-262-2 | ||
| 958 | |a ZS | ||
| 958 | |a SK | ||
| 958 | |a DE | ||
| 958 | |a OP | ||
| 999 | |c 925652 |d 927582 | ||
| 952 | |a SNK |b SNK |y PREZ |7 0 |p 17A1082849 |o snkSC 155977 |i snk2013/21068 |8 4 |g 4.33 |0 0 |1 0 |4 0 |d 2013-07-29 |f 1 |l 0 |r 2025-08-18 00:00:00 |w 2026-02-24 | ||


